000 00956nas a2200277 454500
001 36690
005 20260407193509.0
008 260407s1972####ag###########|||spa#d
003 AR-UNSa-BCEJYS
040 _aAR-UNSa-BCEJYS
_bspa
_cAR-UNSa-BCEJYS
080 _a37.015.4
_xSociología de la educación
245 1 0 _aDeslinde
_pcuadernos de cultura política universitaria
022 _a0185-1241
264 1 _aMéxico :
_bCESU (Centro de Estudios sobre la Universidad)
_c1972
505 _aFerecuencia: Irregular
041 _aspa
942 _cSER
590 _aniveau_biblio:s niveau_hierar:1
100 1 _aUniversidad Nacional Autónoma de México. Coordinación de Humanidades. Centro de Estudios sobre la Universidad
650 _aUNIVERSIDADES
650 _aCultura
650 _aMéxico
650 _aPolítica
650 _aEDUCACION SUPERIOR
856 4 1 _uhttps://170.210.207.44/pmb/images/revistas/R19014.jpg
_yImagen de portada
_qimage/jpeg
999 _c8790
_d8790